हिंदी राज्य घटना (Record no. 401476)

MARC details
000 -LEADER
fixed length control field 00523nam a2200157Ia 4500
008 - FIXED-LENGTH DATA ELEMENTS--GENERAL INFORMATION
fixed length control field 100122s9999 xx 000 0 und d
082 ## - DEWEY DECIMAL CLASSIFICATION NUMBER
Item number 9535
Classification number 342.54
100 ## - MAIN ENTRY--PERSONAL NAME
Personal name गुप्ते भालचंद्र महेश्वर
245 ## - TITLE STATEMENT
Title हिंदी राज्य घटना
250 ## - EDITION STATEMENT
Edition statement 0
260 ## - PUBLICATION, DISTRIBUTION, ETC. (IMPRINT)
Name of publisher, distributor, etc प्रकाशक शोधणे
Date of publication, distribution, etc 1950
300 ## - PHYSICAL DESCRIPTION
Extent 100
630 ## - SUBJECT ADDED ENTRY--UNIFORM TITLE
Uniform title हिंदी राज्य घटना
730 ## - ADDED ENTRY--UNIFORM TITLE
Uniform title हिंदी राज्य घटना
942 ## - ADDED ENTRY ELEMENTS (KOHA)
Koha item type Book
Holdings
Withdrawn status Lost status Damaged status Not for loan Home library Current library Date acquired Cost, normal purchase price Total Checkouts Full call number Barcode Date last seen Cost, replacement price Price effective from Koha item type Public note
        S.V. Pathak Library, Vile Parle S.V. Pathak Library, Vile Parle 03/31/2008 6.00   9535 SVPPARLE-9535 01/25/2010 6.00 01/25/2010 Book General NA